Island Countries 1 - Statistics

General Stats
  • This quiz has been taken 21 times
  • The average score is 17 of 20
Answer Stats
Picture Answer % Correct
Australia
100%
Cyprus
100%
Iceland
100%
Malta
100%
Sri Lanka
100%
Ireland
95%
Jamaica
95%
Japan
95%
New Zealand
95%
Cuba
90%
Phillippines
90%
Taiwan
90%
Singapore
80%
Antigua and Barbuda
75%
Cape Verde
75%
St Lucia
75%
Sao Tome and Principe
70%
Tonga
70%
East Timor
65%
Madagascar
65%
No matching quizzes found
Score Distribution
Percent of People with Each Score
Percentile by Number Answered
Your Score History
You have not taken this quiz